| 000 | 00814nam a2200229 a 4500 | ||
|---|---|---|---|
| 001 | 000005339 | ||
| 005 | 20200929151639.0 | ||
| 008 | 090819s1995 es a 001 0 spa d | ||
| 020 | _a8470397168 | ||
| 040 |
_aDO-SdBNP _bspa _cBNPHU |
||
| 082 |
_a920.7 _bC591r |
||
| 100 | 1 |
_aClaremont de Castillejo, Irene, _d1896-1967 _915140 |
|
| 245 | 1 | 0 |
_aRespaldada por el viento / _cIrene Claremont de Castillejo ; Traducción de Jacinta Castillejo. |
| 260 |
_aMadrid, España : _bCastalia ; _bCSIC, _c1995. |
||
| 300 |
_a53 p. : _bil. ; _c23 cm. |
||
| 500 | _aIncluye tabla de contenido | ||
| 500 | _aIncluye datos biográficos del autor | ||
| 600 | 1 | 4 |
_aCLAREMONT DE CASTILLEJO, IRENE, _d1896-1967 _xBIOGRAFÍA _915141 |
| 650 | 4 |
_aCastillejo (familia) _915142 |
|
| 700 | 1 |
_aCastillejo, Jacinta, _etr. _915143 |
|
| 049 | _aBNPD | ||
| 999 |
_c5140 _d5140 |
||